Every Big 10 Team Ever - Statistics

General Stats
  • This quiz has been taken 16 times
  • The average score is 17 of 21
Answer Stats
Hint Answer % Correct
Current Iowa
100%
Current Michigan
100%
Current Michigan State
100%
Current Wisconsin
100%
Current Illinois
93%
Current Indiana
93%
Current Nebraska
93%
Current Northwestern
93%
Current Ohio State
93%
Current Oregon
93%
Current Penn State
93%
Current Washington
93%
Current Rutgers
87%
Current UCLA
87%
Current USC
87%
Current Minnesota
80%
Current Maryland
73%
Current Purdue
67%
Affiliate Notre Dame
60%
Former UChicago
27%
Affiliate John Hopkins
13%
No matching quizzes found
Score Distribution
Percent of People with Each Score
Percentile by Number Answered
Your Score History
You have not taken this quiz